Statistics for NHL Hockey Nicknames Quiz

Click here to take the quiz!

General Stats

  • This quiz has been taken 189 times
    (188 since last reset)
  • The average score is 18 of 38

Answer Stats

NicknamePlayer% Correct
The Great OneWayne Gretzky
99%
Sid the KidSidney Crosby
97%
Super MarioMario Lemieux
87%
Mr. HockeyGordie Howe
83%
McJesusConnor McDavid
79%
Great EightAlexander Ovechkin
78%
Jumbo JoeJoe Thornton
76%
The RocketMaurice Richard
75%
Pocket RocketHenri Richard
74%
FlowerMarc-André Fleury
71%
Johnny HockeyJohnny Gaudreau
65%
The Price is RightCarey Price
62%
The Finnish FlashTeemu Selänne
62%
CujoCurtis Joseph
60%
Dr. DraiLeon Draisaitl
59%
BreadmanArtemi Panarin
58%
The DominatorDominik Hašek
58%
The Russian RocketPavel Bure
55%
Captain SeriousJonathan Toews
51%
Le Démon BlondGuy Lafleur
46%
Eddie the EagleEd Belfour
41%
The KingHenrik Lundqvist
40%
The CatFélix Potvin
35%
GrapesDon Cherry
34%
Boom BoomBernie Geoffrion
33%
Magic ManPavel Datsyuk
32%
Olie the GoalieOlaf Kölzig
31%
ShowtimePatrick Kane
29%
Ghost BearShane Gostisbehere
29%
The Bulin WallNikolai Khabibulin
27%
Big BirdLarry Robinson
22%
BoogeymanDerek Boogaard
20%
Big Save DaveDavid Rittich
17%
The Grim ReaperStu Grimson
14%
RoadrunnerYvan Cournoyer
12%
Little BeaverMarcel Dionne
9%
Ned FlandersPeter Budaj
8%
The ProfessorIgor Larionov
6%

Score Distribution

Percentile by Number Answered

Percent of People with Each Score

Your Score History

You have not taken this quiz since the last reset